150 Years of Slovak Co-Operatives 1845-1995

Na minha lista:
Detalhes bibliográficos
Autor principal: Martuliak, Pavol
Outros Autores: Miššíková, Gabriela
Formato: Livro
Idioma:inglês
Publicado em: Nitra Agroinštitút Nitra 1995
Assuntos:
Tags: Adicionar Tag
Sem tags, seja o primeiro a adicionar uma tag!

MARC

LEADER 00000nam a2200000 4500
001 c013206
005 20230117085055.3
020 |a 80-7139-028-3 
041 0 |a eng 
044 |a SK 
245 1 0 |a 150 Years of Slovak Co-Operatives  |b 1845-1995  |c Pavol Martuliak ; Prekl. Gabriela Miššíková 
264 1 |a Nitra  |b Agroinštitút Nitra  |c 1995 
300 |a 158 s. 
610 2 0 |a družstevníctvo 
610 2 0 |a družstvá 
610 2 0 |a história 
610 2 0 |a dejiny 
610 2 0 |a Slovensko 
100 1 |a Martuliak, Pavol 
700 1 |a Miššíková, Gabriela